Pics d'Europe (Pyrènèes Cantabriques) (Record no. 164345)

MARC details
000 -LEADER
campo de control de longitud fija 00859nam a2200181 i 4500
001 - NÚMERO DE CONTROL
campo de control 164345
003 - IDENTIFICADOR DE NÚMERO DE CONTROL
campo de control ES-MaACL
005 - FECHA Y HORA DE LA ÚLTIMA TRANSACCIÓN
campo de control 20230906212923.0
008 - DATOS DE LONGITUD FIJA--INFORMACIÓN GENERAL
campo de control de longitud fija 000522s1894 fr af |||| | fre d
100 1# - ENTRADA PRINCIPAL--NOMBRE DE PERSONA
Nombre de persona Saint-Saud, Aymard de (
Fechas asociadas al nombre 1853-1932)
9 (RLIN) 149331
245 10 - MENCIÓN DEL TÍTULO
Título Pics d'Europe (Pyrènèes Cantabriques)
Resto del título : conférence publique donnée dans l'Amphithéatre de l´Athenée le 21 févrie 1894 /
Mención de responsabilidad, etc. par le Comte de Saint Saud.
260 ## - PUBLICACIÓN, DISTRIBUCIÓN, ETC.
Lugar de publicación, distribución, etc. Bordeaux :
Nombre del editor, distribuidor, etc. Imp. Ve. Cadoret,
Fecha de publicación, distribución, etc. 1894.
300 ## - DESCRIPCIÓN FÍSICA
Extensión 35 p., [5] h. de lám. :
Otras características físicas il. ;
Dimensiones 23 cm.
500 ## - NOTA GENERAL
Nota general Extrait du Bulletin n. 35, du Club Alpin Franç (Section du Sud-Ouest)
594 ## - Nota al título y mención de responsabilidad
Nota al título y mención de responsabilidad Precede al tit.: Excursions dans les sierras d'Espagne.
651 #4 - PUNTO DE ACCESO ADICIONAL DE MATERIA--NOMBRE GEOGRÁFICO
Nombre geográfico Picos de Europa (España)-
Subdivisión general Descripción.
9 (RLIN) 143550
852 ## - LOCALIZACIÓN
Ubicación ES-MaACL
Número de control de estantería T-846-F-4
Nota libre - Enc. hol., conservando cub. original
-- - Enc. en un vol. facticio
Holdings
Estatus retirado Estado de pérdida Estado de daño No para préstamo Colección Biblioteca de origen Biblioteca actual Ubicación en estantería Fecha de adquisición Total de préstamos Signatura topográfica completa Código de barras Visto por última vez Precio de reemplazo Tipo de ítem Koha
        Colección de folletos Biblioteca del Ateneo de Madrid Biblioteca del Ateneo de Madrid Depósito folletos 17/01/2008   T-846-F-4 1172260 23/02/2023 23/02/2023 Folleto